Repertorio de traductores del siglo XV / (Record no. 196031)

MARC details
000 -LEADER
campo de control de longitud fija 01280nam a2200361 i 4500
001 - NÚMERO DE CONTROL
campo de control 196031
003 - IDENTIFICADOR DE NÚMERO DE CONTROL
campo de control ES-MaACL
005 - FECHA Y HORA DE LA ÚLTIMA TRANSACCIÓN
campo de control 20250720091909.0
008 - DATOS DE LONGITUD FIJA--INFORMACIÓN GENERAL
campo de control de longitud fija 090825s2009 sp | |||| 001 0 spa
015 ## - NÚMERO DE BIBLIOGRAFÍA NACIONAL
Número de bibliografía nacional MON09
017 ## - NÚMERO DE COPYRIGHT O DE DEPÓSITO LEGAL
Número de copyright o de depósito legal M 32013-2009
Agencia que asigna Oficina Depósito Legal Madrid
020 ## - NÚMERO INTERNACIONAL ESTÁNDAR DEL LIBRO
Número Internacional Estándar del Libro 9788478952564
035 ## - NÚMERO DE CONTROL DEL SISTEMA
Número de control de sistema (OCoLC)588568885
035 ## - NÚMERO DE CONTROL DEL SISTEMA
Número de control de sistema (SpMaBN)a4588909
035 ## - NÚMERO DE CONTROL DEL SISTEMA
Número de control de sistema 991016959309708606
040 ## - FUENTE DE CATALOGACIÓN
Centro catalogador/agencia de origen SpMaBN
Lengua de catalogación spa
Centro/agencia transcriptor SpMaBN
Normas de descripción rdc
080 ## - NÚMERO DE LA CLASIFICACIÓN DECIMAL UNIVERSAL
Número de la Clasificación Decimal Universal 929(460)"14":81'25
100 ## - ENTRADA PRINCIPAL--NOMBRE DE PERSONA
Nombre de persona Alvar, Carlos,
Fechas asociadas al nombre 1951-
9 (RLIN) 237724
Término indicativo de función/relación Autor
245 10 - MENCIÓN DEL TÍTULO
Título Repertorio de traductores del siglo XV /
Mención de responsabilidad, etc. Carlos Alvar, José Manuel Lucía Megías.
260 ## - PUBLICACIÓN, DISTRIBUCIÓN, ETC.
Lugar de publicación, distribución, etc. Madrid :
Nombre del editor, distribuidor, etc. Ollero y Ramos ;
Fecha de publicación, distribución, etc. [2009].
300 ## - DESCRIPCIÓN FÍSICA
Extensión 274 p. :
Dimensiones 24 cm.
336 ## - TIPO DE CONTENIDO
Fuente rdacontent
Término de tipo de contenido texto
337 ## - TIPO DE MEDIO
Fuente rdamedia
Nombre/término del tipo de medio sin mediación
338 ## - TIPO DE SOPORTE
Fuente rdacarrier
Nombre/término del tipo de soporte volumen
500 ## - NOTA GENERAL
Nota general Índices
650 #7 - PUNTO DE ACCESO ADICIONAL DE MATERIA--TÉRMINO DE MATERIA
Término de materia o nombre geográfico como elemento de entrada Traductores-
Subdivisión geográfica España
9 (RLIN) 153688
700 1# - ENTRADA AGREGADA--NOMBRE PERSONAL
Nombre de persona Lucía Megías, José Manuel,
Fechas asociadas al nombre 1967-
Término indicativo de función/relación Autor
9 (RLIN) 240291
852 ## - LOCALIZACIÓN
Ubicación ES-MaACL
Sublocalización o colección R. 154513
Ubicación en estantería Depósito J
Número de control de estantería N-9158
Donativo/Legado Donación: Editorial
Encuadernación Encuadernación rústica con solapas
itemnumber 205055
942 ## - ELEMENTOS DE ENTRADA SECUNDARIOS (KOHA)
Tipo de ítem Koha Libro impreso
Suprimir en OPAC No
Holdings
Estatus retirado Estado de pérdida Fuente del sistema de clasificación o colocación Estado de daño No para préstamo Biblioteca de origen Biblioteca actual Ubicación en estantería Fecha de adquisición Fuente de adquisición Total de préstamos Signatura topográfica completa Código de barras Visto por última vez Precio de reemplazo Tipo de ítem Koha
    Clasificación decimal universal     Biblioteca del Ateneo de Madrid Biblioteca del Ateneo de Madrid Depósito J 25/04/2025 Donación   N-9158 101229899 25/04/2025 25/04/2025 Libro impreso